000 01149cam a22003254a 4500
001 13076272
003 OSt
005 20211210112913.0
008 030131s2004 nyua b 001 0 eng
010 _a 2003042609
020 _a1401804691 (core)
038 _akhadija
040 _aDLC
_cDLC
_dDLC
042 _apcc
050 0 0 _aTP1120
_b.L6 2004
082 0 0 _a668.4
_221
_bLOK
100 1 _aLokensgard, Erik.
_986346
245 1 0 _aIndustrial plastics :
_btheory and applications /
_cErik Lokensgard.
250 _a4th ed.
260 _aAlbany, NY :
_bThomson Delmar Learning,
_cc2004.
300 _axvii, 528 p. :
_bill. ;
_c28 cm.
500 _aFirst-2nd ed. by Terry L. Richardson; 3rd ed. by Terry L. Richardson and Erik Lokensgard.
504 _aIncludes bibliographical references (p. 517-519) and index.
563 _aPB
650 0 _aPlastics.
_986347
700 1 _aRichardson, Terry L.
_tIndustrial plastics.
_986348
906 _a7
_bcbc
_corignew
_d1
_eocip
_f20
_gy-gencatlg
942 _2ddc
_cBK
999 _c32384
_d32384